Women's studies in India/ (Record no. 139367)

000 -LEADER
fixed length control field 00373nam a22001457a 4500
020 ## - INTERNATIONAL STANDARD BOOK NUMBER
International Standard Book Number 817648122X
082 ## - DEWEY DECIMAL CLASSIFICATION NUMBER
Classification number 305.409 54
Item number THA/W
100 ## - MAIN ENTRY--PERSONAL NAME
Personal name Thara Bhai L
9 (RLIN) 60649
245 ## - TITLE STATEMENT
Title Women's studies in India/
Statement of responsibility, etc. by Thara Bhai L
260 ## - PUBLICATION, DISTRIBUTION, ETC.
Place of publication, distribution, etc. Newdelhi:
Name of publisher, distributor, etc. A P H,
Date of publication, distribution, etc. 1999.
300 ## - PHYSICAL DESCRIPTION
Extent 232p.
650 ## - SUBJECT ADDED ENTRY--TOPICAL TERM
Topical term or geographic name entry element Womens studies
9 (RLIN) 60650
650 ## - SUBJECT ADDED ENTRY--TOPICAL TERM
Topical term or geographic name entry element Social Sciences
9 (RLIN) 60651
942 ## - ADDED ENTRY ELEMENTS (KOHA)
Koha item type Book
Holdings
Withdrawn status Lost status Damaged status Not for loan Permanent Location Current Location Shelving location Date acquired Total Checkouts Full call number Barcode Date last seen Price effective from Koha item type
        Sree Sankaracharya University of Sanskrit Sree Sankaracharya University of Sanskrit Stacks 06.10.2018   305.409 54 THA/W 092033 06.10.2018 06.10.2018 Book